00597 2200169 4500245004400000020002200044250001100066100001400077650002000091005001900111260004200130041001400172084000800186300002300194500020100217336000900418 aFrom Sumatra with LovecEsi LahurhText a978-979-22-5886-8 aCet. 1 aEsi Lahur aNovel Indonesia a20231004140445 aJakartabGramedia Pustaka Utamac2010 aIndonesia a813 a232 hlm. :c20 cm. auntuk mengisi kenaikan kelas , clarissa dan delapan sahabatnya jalan -jalan ke sumatra . mereka senang banget bisa melihat kota medan, danau toba, pulau samosir, sampai ke bukittinggi dan rumbai. atext